Entre presuposicion ontica e inocencia metafisica, las raices filosoficas de la cuantificacion /

Guardado en:
Autor Principal: Lo Monaco, Vincenzo P.
Formato: Libro
Publicado: Caracas : Universidad Central De Venezuela, 1991
Series:Serie Monografias
Materias:
Etiquetas: Agregar Etiqueta
Sin Etiquetas, Sea el primero en etiquetar este registro!
LEADER 00614nam a22001815a 4500
001 EHU.bham020065
003 AR-BHAM
005 20101202183638.0
008 130507s1991##################000#0#####d
082 1 1 |a 111 
100 1 |a Lo Monaco, Vincenzo P. 
245 1 0 |a Entre presuposicion ontica e inocencia metafisica, las raices filosoficas de la cuantificacion /  |c Vincenzo P. Lo Monaco 
260 |a Caracas :  |b Universidad Central De Venezuela,  |c 1991 
300 |a 130 p. 
490 0 |a Serie Monografias 
500 |a Incluye bibliografía 
653 |a Ontologia 
859 |a AR-BHAM  |b BIB. HUMANIDADES - General  |h 111  |i L829  |p 40.96  |t Ej.1